000 00605nam a22002057a 4500
999 _c10555
_d10555
003 AR-CdUCM
008 190401b ||||| |||| 00| 0 spa d
020 _a9972-728-03-X
040 _aMUNICIPALIDAD PROVINCIAL DEL CUSCO
_cBIBLIOTECA MUNICIPAL DEL CUSCO
082 _aES / 800 /
_bA39
100 _aAlighieri, Dante
_95764
245 _aLa divina comedia /
260 _aLima :
_bFondo editorial navarrete,
300 _a127 paginas ;
_c14 cm.
505 _aContenido :La divina comedia.
650 _aLiteratura peruana
_9169
650 _aBiografĂ­as
_9148
942 _2ddc
_cLIBROS
945 _arum